000 01320nam a22001817a 4500
005 20210725205833.0
008 210725s2005 ar a|||| |||| 00| 0 spa d
040 _cCAAAP
050 _aFP 82.M3
_bD61
100 1 _91377
_aDescola, Philippe
245 _aLas Lanzas del crepúsculo :
_brelatos jíbaros. Alta Amazonia /
_cPhilippe Descola
260 _aArgentina:
_bFondo de Cultura Económica,
_c2005.
300 _a450 p.
_bil.
505 0 _aPrimera parte. ADAPTARSE A LA SELVA. I. Aprendizajes. II. Temprano en la mañana. III. Rumores pueblerinos. IV. Calma. V. Tráficos. VI. La magia de los huertos. VII. Sueños. VIII. Cacería. IX. El espejo de las aguas. -- Segunda parte. HISTORIAS DE AFINIDAD. X. Amistades selectivas. XI. Visita a la gente del río. XII. El amor en plural. XIII. Imágenes del afuera, imágenes del adentro. XIV Camino hacia el bajo. XV. A cada cual lo que se debe. XVI. Fiesta de bebida. XVII. El arte de adaptar a los enemigos. XVIII. Escenas en una casa de guerra. -- Tercera parte. VISIONES. XIX. Senderos de la revelación. XX. El canto del chamán. XXI. Artesanos de lo imaginario. XXII. Palabras del evangelio. XXIII. Muertos y vivos. XXIV. Desenlace.
650 0 _92387
_aIndígenas achuar
_xCondiciones sociales
650 0 _91105
_aIdentidad Cultural
942 _2lcc
_bDD - MM - AA
_cBK
999 _c1940
_d1940